| 000 | 00561nam a2200217 a 4500 | ||
|---|---|---|---|
| 999 |
_c5366 _d5366 |
||
| 001 | 5366 | ||
| 003 | BD-JhCC | ||
| 005 | 20180102180845.0 | ||
| 008 | 171213s2014 bg |||| ||a| 000 0 eng d | ||
| 035 | _a(BD-JhCC)5366 | ||
| 040 |
_aBD-JhCC _dBD-JhCC |
||
| 041 | _aeng | ||
| 082 |
_a624 _bCRO 1963 |
||
| 100 | _a Crowther, J. G. | ||
| 245 |
_aThe young Man's Guide To Civil Engineering / _cJ. G. Crowther |
||
| 260 |
_aLondon _bHamis Hamilton Ltd, _c1963. |
||
| 300 |
_a224 p. : _c21 cm. |
||
| 650 | _aCivil Engineering | ||
| 942 |
_2ddc _cBK |
||